000
00234nam a2200097Ia 4500
001
683128
005
20250826161432.0
008
250824s9999 xx 000 0 und d
245
0
_a
RÜYA YOLCUSU
_c
NAZLI ERAY
260
_b
EVEREST YAYINLARI
999
_c
683128
_d
683128